Normal view
MARC view
- السيولة النقدية
Entry Topical Term
001 - CONTROL NUMBER
- control field: 59600
003 - CONTROL NUMBER IDENTIFIER
- control field: JO-AjAnu
005 - DATE AND TIME OF LATEST TRANSACTION
- control field: 20230606083738.0
008 - FIXED-LENGTH DATA ELEMENTS
- fixed length control field: 230606|| aca||aabn | a|a d
040 ## - CATALOGING SOURCE
- Original cataloging agency: JO-AjAnu
- Transcribing agency: JO-AjAnu
150 ## - HEADING--TOPICAL TERM
- Topical term or geographic name entry element: السيولة النقدية
670 ## - SOURCE DATA FOUND
- Source citation: Work cat.: (JO-AjAnu)30396: إعداد القضاه،موفق احمد؛ إشراف فخري ابو صفية، جورج شواقفه, author 59599, اثر العوامل المصرفية الداخلية على الفائض النقدي في المصارف الإسلامية الأردنية =The Impact of Internal Banking Factors Cash Surplus in Jordanian Islamic Banks